000 00689nam a2200277Ia 4500
005 20260324140531.0
008 008 260324s9999 xx 000 0 eng d
020 _a9781410602350
037 _aEBOOK
040 _aCRL
040 _beng
040 _cCRL
041 _2eng
041 _aeng
084 _qCRL
100 _aDouglas J. Hacker; Arthur C. Graesser; John Dunlosky
_91204763
245 0 _aMetacognition in Educational Theory and Practice
260 _bTaylor and Francis
260 _c1998
365 _a
365 _b255
856 _uhttp://www.taylorfrancis.com/books/9781410602350
942 _cEBOOK
999 _c1806945
_d1806945